000 01468nam2a2200289 4500
001 RU\NLR\BIBL_A\012602430
005 20220531135004.0
021 _aRU
_bКН-П-21-034161
_9КН-П-21-2669
035 _a(NLR Aleph) 012602430
090 _a12585985
_c12585985
100 _a20210927d2020 u y0rusy50 ca
101 0 _arus
102 _aRU
105 _aa j 000zy
181 0 _ai
_babxe
182 0 _an
200 0 _aЧ. 2
203 _aТекст
_bвизуальный
_cнепосредственный
210 _d2020
215 _a49, [3] с.
_cил.
320 _aБиблиогр. в конце кн. (11 назв.)
461 0 _1001RU\NLR\BIBL_A\012659100
_12000#$aМашины непрерывного транспорта. Основы теории и расчета машин непрерывного транспорта с тяговым органом$vЧ. 2
_912750073
_aАфанасьев, А. К. (канд. техн. наук, водный транспорт)
_cСанкт-Петербург
_d2020
_fА.К. Афанасьев, А.В. Одёрышев
_nГУМРФ
_oучебно-методическое пособие
_tМашины непрерывного транспорта. Основы теории и расчета машин непрерывного транспорта с тяговым органом
_vЧ. 2
942 _cBOOK
980 _aNBR
980 _aNB